| 000 | 01013cam a2200253 4500 | ||
|---|---|---|---|
| 008 | 031029n2003 000 0 eng u | ||
| 020 | _a9058095452 | ||
| 035 | _a(Sirsi) u124127 | ||
| 041 | _aeng | ||
| 050 |
_a338.2 _c18 |
||
| 100 | _aAswathanarayana, U. | ||
| 245 | _aMineral resources management and the environment | ||
| 260 |
_aLisse _bBalkema _c2003 |
||
| 300 |
_axv, 294p. _c25cm |
||
| 350 | _a72 | ||
| 520 | _aExplains different methods of managing the environmental impact from all aspects of mining using an understanding of the factors that cause environmental degradation. Concentrates particularly on mining enterprises in developing countries where the high-tech solutions of increased mechanisation and fewer workers are not as readily available as in the more industrialised countries. | ||
| 650 | _aMINING | ||
| 650 | _aENVIRONMENTAL IMPACT | ||
| 650 | _aMINES | ||
| 650 | _aMINERAL EXTRACTION | ||
| 650 | _aENVIRONMENTAL CONTROL | ||
| 690 | _aMINING AND MINERALS | ||
| 942 | _n0 | ||
| 999 |
_c103157 _d103157 |
||